Orientalism western conceptions of the orient / (Record no. 563405)
[ view plain ]
| 000 -LEADER | |
|---|---|
| fixed length control field | 00336nam a2200121Ia 4500 |
| 008 - FIXED-LENGTH DATA ELEMENTS--GENERAL INFORMATION | |
| fixed length control field | 210430s9999 xx 000 0 und d |
| 082 ## - DEWEY DECIMAL CLASSIFICATION NUMBER | |
| Classification number | 950.072S1321 O |
| 100 ## - MAIN ENTRY--PERSONAL NAME | |
| Personal name | Edward W.Said |
| 245 ## - TITLE STATEMENT | |
| Title | Orientalism western conceptions of the orient / |
| Statement of responsibility, etc. | Edward W.Said |
| 260 ## - PUBLICATION, DISTRIBUTION, ETC. | |
| Place of publication, distribution, etc. | Islamabad |
| Name of publisher, distributor, etc. | Roohani |
| Date of publication, distribution, etc. | 2010 |
| 300 ## - PHYSICAL DESCRIPTION | |
| Extent | 396p |
| 942 ## - ADDED ENTRY ELEMENTS (KOHA) | |
| Koha item type | Book |
| Source of classification or shelving scheme | |
| Withdrawn status | Lost status | Source of classification or shelving scheme | Damaged status | Not for loan | Permanent Location | Current Location | Shelving location | Date acquired | Full call number | Barcode | Date last seen | Price effective from | Koha item type |
|---|---|---|---|---|---|---|---|---|---|---|---|---|---|
| School of Chemical & Materials Engineering (SCME) | School of Chemical & Materials Engineering (SCME) | General Stacks | 09/11/6 | 950.072 S1321 O | SCME-2323 | 04/30/2021 | 04/30/2021 | Book |
